000 00736cam a22002411 4500
001 49597
003 BD-RjUL
005 20211209054711.0
008 160821s1954 ctu 000 0 eng
035 _a(BD-RjUL)49716
035 _a(OCoLC)1385055
040 _aDLC
_cPPiU
_dOCoLC
_dDLC
_beng
041 _aeng
082 _223
_a301.155
_bSCT 1954
100 1 _aSchmidt, Warren H.
_9148742
245 1 0 _aTechniques that produce teamwork /
_cby Warren H. Schmidt and Paul C. Buchanan.
260 _aNew London, Conn. :
_bA.C. Croft Publications,
_c[1954]
300 _aiv, 75 p. ;
_c21 cm.
650 0 _aLeadership.
_9148743
700 1 _aBuchanan, Paul C.,
_ejoint author.
_9148744
942 _2ddc
_cBK
999 _c49597
_d49597